000 00899 a2200265 4500
003 CBULib
005 20231121110547.0
008 231121b |||||||| |||| 00| 0 eng d
020 _a9781498770163
040 _bEnglish
_cCBULib
_erda
041 _aeng
050 _aH 61.15 Eps
100 _aRaghunathan, Trivellore
245 _aMultiple imputation in practice : with examples using IVEware
_c/ by Trivellore Raghunathan; Patricia A. Berglund and Peter W. Solenberger
260 _bCRC Press,
_c2018
_aFlorida :
300 _axiv, 250 pages : illustrations
336 _2rdacontent
_aText |
_btxt
337 _2rdamedia
_aUnmediated |
_bn
338 _2rdacarrier
_aVolume
_bnc
650 0 _91081
_aMULTIVARIATE ANALYSIS
650 0 _91082
_aMULTIVARIATE ANALYSIS -- DATA PROCESSING
700 _91083
_aBerglund, Patricia A.
700 _91084
_aSolenberger, Peter W.
942 _2lcc
_c002
999 _c83321
_d83321